000 00905nam a22002537a 4500
003 DO-SdBNP
005 20221018124140.0
007 ta
008 110301s19uu dr c 000 0 spa d
040 _aDO-SdBNP
_bspa
_cBNPHU
082 _axxxx
_bxxx
100 1 _aIkeda, Daisaku
_953018
245 1 0 _aDiálogo con la naturaleza /
_cDaisaku Ikeda ; presentación Joaquín Balaguer, Rafael Antonio Suberví Bonilla, José Andrés Aybar Sánchez....[et.al]
260 _a[Santo Domingo] :
_b[s.d.],
_c[19--]?.
300 _a27 p. :
_bfot.
_c28 cm.
590 _aInventariado, 2022/ YL
700 1 2 _aBalaguer, Joaquín
_epres.
_981437
700 1 2 _aSuberví Bonilla, Rafael Antonio
_epres.
_982532
700 1 2 _aAybar Sánchez, José Andrés
_epres.
_918786
700 1 2 _aSantana Sánchez, Roberto
_epres.
_936882
700 1 2 _aBergés Febles, Roberto
_epres.
_982533
910 _aYLockward
942 _2ddc
_cLF2
999 _c52564
_d52564